The birth of Indian civilization: (Record no. 1035)

MARC details
000 -LEADER
fixed length control field 00927cam a22002891 4500
001 - CONTROL NUMBER
control field 3603738
003 - CONTROL NUMBER IDENTIFIER
control field GBCCL
005 - DATE AND TIME OF LATEST TRANSACTION
control field 20241126110352.0
008 - FIXED-LENGTH DATA ELEMENTS--GENERAL INFORMATION
fixed length control field 700330s1968 enkabef b 000 0 eng
010 ## -
-- 71362050
015 ## -
-- B68-22710
040 ## - CATALOGING SOURCE
Original cataloging agency DLC
Transcribing agency DLC
Modifying agency DLC
043 ## -
-- a-ii---
050 00 -
-- DS425
-- .A65
082 00 - DEWEY DECIMAL CLASSIFICATION NUMBER
Classification number 934
Item number ALL
100 1# - MAIN ENTRY--PERSONAL NAME
Personal name Allchin, Bridget.
9 (RLIN) 1782
245 14 - TITLE STATEMENT
Title The birth of Indian civilization:
Remainder of title India and Pakistan before 500 B.C.
Statement of responsibility, etc. [by] Bridget and Raymond Allchin.
260 ## - PUBLICATION, DISTRIBUTION, ETC.
Place of publication, distribution, etc. Harmondsworth,
Name of publisher, distributor, etc. Penguin,
Date of publication, distribution, etc. 1968.
300 ## - PHYSICAL DESCRIPTION
Extent 365 p.
Other physical details 32 plates, illus., maps, plans.
Dimensions 19 cm.
350 ## - PRICE (NR) (BK AM CF MU VM SE) [OBSOLETE]
Price 10/-
490 0# - SERIES STATEMENT
Series statement Pelican book A950
504 ## - BIBLIOGRAPHY, ETC. NOTE
Bibliography, etc. note Bibliography: p. [339]-355.
651 #0 - SUBJECT ADDED ENTRY--GEOGRAPHIC NAME
Geographic name India
General subdivision Civilization
Chronological subdivision To 1200.
9 (RLIN) 1783
700 1# - ADDED ENTRY--PERSONAL NAME
Personal name Allchin, F. Raymond
Fuller form of name (Frank Raymond),
Dates associated with a name 1923-2010,
Relator term joint author.
9 (RLIN) 1784
906 ## - LOCAL DATA ELEMENT F, LDF (RLIN)
a 7
b cbc
c orignew
d u
e ncip
f 19
g y-gencatlg
942 ## - ADDED ENTRY ELEMENTS (KOHA)
Source of classification or shelving scheme Dewey Decimal Classification
Koha item type Books
Holdings
Withdrawn status Lost status Source of classification or shelving scheme Damaged status Not for loan Home library Current Library Shelving location Date acquired Total checkouts Full call number Barcode Date last seen Copy number Price effective from Koha item type
    Dewey Decimal Classification     GRACE BIBLE COLLEGE GRACE BIBLE COLLEGE General Studies 2017-04-07   934 ALL 000494 2025-05-01 c.1 2017-04-07 Books
© Grace Bible College Library 2025